[Event "Canet de Mar Tancat del Maresme 5th"]
[Site "Canet de Mar"]
[Date "2012.04.14"]
[Round "1.2"]
[White "Martin Salguero, David"]
[Black "Sanchez Calzado, Sergio"]
[Result "1-0"]
[WhiteElo "1700"]
[BlackElo "1703"]
[PlyCount "93"]
[EventDate "2012.04.14"]
[EventType "swiss"]
[EventRounds "9"]
[EventCountry "ESP"]
[SourceTitle "EXT 2024"]
[Source "ChessBase"]
[SourceDate "2023.10.10"]
[SourceVersion "1"]
[SourceVersionDate "2023.10.10"]
[SourceQuality "1"]

1. e4 e5 2. Nf3 Nc6 3. Bc4 Bc5 4. c3 Nf6 5. d4 exd4 6. cxd4 Bb4+ 7. Bd2 Bxd2+ 8. Nbxd2 d5 9. exd5 Nxd5 10. 0-0 0-0 11. Re1 Be6 12. a3 Qf6 13. Qc2 Nxd4 14. Qd3 Nxf3+ 15. Nxf3 Rad8 16. Qb3 Nf4 17. Bxe6 fxe6 18. Qxb7 Qg6 19. Ne5 Qf6 20. Qxc7 Nd5 21. Qxa7 Nf4 22. Nd7 Qf7 23. Rad1 Nh5 24. Rd2 Nf6 25. Red1 Ne4 26. Re2 Nf6 27. Red2 Nd5 28. Nxf8 Qxa7 29. Nxe6 Re8 30. Rxd5 Rxe6 31. Rd8+ Kf7 32. R8d7+ Qxd7 33. Rxd7+ Ke8 34. Rd1 Re2 35. b4 Ra2 36. b5 Rxa3 37. Rb1 Kd7 38. Kf1 Kc7 39. Re1 Kb6 40. Re7 Ra1+ 41. Ke2 Ra2+ 42. Kf3 Ra3+ 43. Kg4 Kxb5 44. Rxg7 Ra4+ 45. f4 Kc5 46. Rxh7 Kd5 47. Re7 1-0